| 000 | 00589nam a2200145 a 4500 | ||
|---|---|---|---|
| 001 | 000039313 | ||
| 005 | 20201002031606.0 | ||
| 008 | 130621s2012 dr r 000 0 spa d | ||
| 040 |
_aDO-SdBNP _bspa _cBNPHU |
||
| 111 | 2 |
_aConvención sobre los derechos de las personas con discapacidad. _d(2007 : _cSanto Domingo) _965504 |
|
| 245 | 1 | 0 | _aConvención sobre los derechos de las personas con discapacidad. |
| 260 |
_aSanto Domingo : _bOrganización de las Naciones Unidas (ONU) _bConsejo Nacional sobre Discapacida (CONADIS), _c2012. |
||
| 300 |
_a39 P. ; _c29 cm. |
||
| 590 | _aIventariado, 2019/BT | ||
| 999 |
_c38803 _d38803 |
||